| 000 | 00988nas a2200277 4500 | ||
|---|---|---|---|
| 001 | BR8806708 | ||
| 003 | BR-BrBNA | ||
| 005 | 20231205091342.0 | ||
| 007 | ta | ||
| 008 | 230509b bl.|||p| |||| 00| 00por d | ||
| 040 |
_aBR-BrBNA _bpor _cBiblioteca Nacional de Agricultura |
||
| 041 | _a(Pt) | ||
| 072 | _aF04; P33 | ||
| 100 | 1 | _aAlvarenga, R.C. | |
| 100 | 1 | _aFernandes, B. | |
| 100 | 1 | _aSilva, T.C.A. da | |
| 245 | 1 | _aDensidade aparente, porosidade total e distribuicao dos poros de um latossolo roxo com diferentes metodos de preparo e manejo dos restos culturais do milho | |
| 246 | 1 | _aBulk density, soil porosity and diameter of pores of a latosol roxo (eutrustox)under different management systems | |
| 650 | _aMILHO | ||
| 650 | _aPALHADA | ||
| 650 | _aPOROSIDADE | ||
| 650 | _aLATOSSOLO ROXO | ||
| 773 | 0 |
_tRevista Ceres (Brazil) _xISSN 0034-737X _g(Nov-Dec 1987), v. 34(196) p. 569-577 _wBR8806708 |
|
| 909 |
_a202311 _bLúcia _c55 _dLúcia Elande |
||
| 942 |
_2AGRIS _n0 _cANA |
||
| 999 |
_c124523 _d124523 |
||